|
|
|
|
| LEADER |
00000nam0a2200000 4500 |
| 001 |
148033 |
| 005 |
20231031145302.0 |
| 010 |
|
|
|a 9785883371485
|
| 035 |
|
|
|a (RuTPU)RU\TPU\book\160465
|
| 090 |
|
|
|a 148033
|
| 100 |
|
|
|a 20081125d2007 m y0rusy50 ca
|
| 101 |
0 |
|
|a rus
|a eng
|
| 102 |
|
|
|a RU
|
| 105 |
|
|
|a a j 000zy
|
| 200 |
1 |
|
|a Русский язык за 10 дней по-новому (для говорящих на английском языке)
|f Т. Е. Акишина
|
| 210 |
|
|
|a Москва
|c Русский язык. Курсы
|d 2007
|
| 215 |
|
|
|a 224 с.
|c ил.
|
| 330 |
|
|
|a Пособие предназначено для работы с учащимися начального уровня и состоит из учебных материалов для десяти дней интенсивных занятий. Лексико-грамматический материал уроков включает тематически организованный словарь, представленный в рубрике «Читаем» в начале каждого раздела урока, и грамматику в диалогах и упражнениях. Все темы уроков коммуникативно ориентированы, призваны обеспечить студентов лексическими формулами, необходимыми в различных ситуациях ежедневного общения. Пособие состоит из: — 10 уроков с диалогами, текстами, иллюстрациями, ситуативными заданиями, играми и ритмостихами; — грамматического справочника с небольшими рекомендациями и упражнениями для проверки понимания и первичной тренировки по образованию форм; — алфавитного (русско-английского) и тематического словарей; — ключей к упражнениям. Структура уроков предполагает возможность занятий со студентами разных уровней владения русским языком: как нулевого (первая часть урока), так и более высокого (вторая часть урока).
|
| 610 |
1 |
|
|a русский язык
|
| 610 |
1 |
|
|a русский язык для иностранцев
|
| 610 |
1 |
|
|a грамматика
|
| 610 |
1 |
|
|a лексика
|
| 610 |
1 |
|
|a разговорная речь
|
| 610 |
1 |
|
|a учебные пособия
|
| 610 |
1 |
|
|a русский как иностранный
|
| 686 |
|
|
|a Ш141.2-96
|v LBC/SL-A
|2 rubbk
|
| 700 |
|
1 |
|a Акишина
|b Т. Е.
|g Татьяна Евгеньевна
|
| 801 |
|
1 |
|a RU
|b 63413507
|c 20081125
|g PSBO
|
| 801 |
|
2 |
|a RU
|b 63413507
|c 20120404
|g PSBO
|
| 942 |
|
|
|c BK
|